000
00333nam a2200133Ia 4500
008
191201s2009 xx 000 0 und d
100
_a
AKHILESH, KB
245
0
_a
Mathematics and Statistics for Management
250
_a
2nd
260
_a
N. Delhi
_b
Vikas Publication House
_c
2009
300
_a
890
650
_a
MBA
942
_2
ddc
_c
BK
999
_c
4798
_d
4798